000 01630nam a2200409 i 4500
001 60310
003 Mx-PuUPA
005 20260128090549.0
008 140415s1987 sp gr 001 0 spa d
017 _aM. 30171-1987
020 _a8424912497
040 _aMx-PuUPA
_bspa
_cMx-PuUPA
_dMx-PuUPA
_erda
041 1 _aspa
_heng
100 1 _aKirk, G. S. ,
_d1921-2003
_q(Geoffrey Stephen),
_95904
240 1 _aThe presocratic philosophers. A critical history with a selection fo texts.
_lEspañol.
245 1 4 _aLos filósofos presocráticos :
_bhistoria crítica con selección de textos /
_cC.S. Kirk, J.E. Raven y M. Schofield ; versión española de Jesús García Fernández
250 _aSegunda edición /
_boctubre
264 1 _aMadrid, España :
_bEditorial Gredos,
_c1987
300 _a702 páginas ;
_c19 cm
336 _2rdacontent
_atexto
_btxt
337 _2rdamedia
_asin medio
_bn
338 _2rdacarrier
_avolumen
_bnc
490 0 _aBiblioteca Hispánica de Filosofía ;
_v63
501 _aEn portada se menciona el autor como "C.S. Kirk", debe ser "G.S. Kirk".
546 _aContiene texto en griego clásico.
650 7 _aSofistas
_2armarc
650 7 _2armarc
_aFilosofía clásica
650 7 _2armarc
_aFilósofos griegos
650 7 _2armarc
_aPresocráticos
700 1 _aRaven, J. E.,
_eautor
700 1 _aSchofield, M.,
_eautor
700 1 _aGarcía Fernández, Jesús,
_etraductor
765 0 _aKirk, G.S.
_tThe presocratic philosophers. A critical history with a selection fo texts.
942 _2ddc
_cLI
_h182
_iK5818
999 _c60310
_d60310